| 000 | 03559cam a2200649 i 4500 | ||
|---|---|---|---|
| 001 | ocn909538562 | ||
| 003 | OCoLC | ||
| 005 | 20171025085749.0 | ||
| 008 | 150515s2016 nyub b 001 0 eng | ||
| 010 | _a 2015018424 | ||
| 040 |
_aDLC _beng _erda _cDLC _dYDX _dYDXCP _dOCLCF _dCDX _dQGK _dCHVBK _dGZL _dOCLCO _dOCLCQ _dGZL _dOCLCA _dCUH _dOCLCA |
||
| 019 | _a920844106 | ||
| 020 |
_a9781138940864 _q(hardback ; _qalk. paper) |
||
| 020 |
_a1138940860 _q(hardback ; _qalk. paper) |
||
| 020 |
_a9780323356466 _q(pbk. ; _qalk. paper) |
||
| 020 |
_a032335646X _q(pbk. ; _qalk. paper) |
||
| 020 |
_z9780323357418 _q(ebk) |
||
| 029 | 1 |
_aCHBIS _b010448637 |
|
| 029 | 1 |
_aCHSLU _b001225116 |
|
| 029 | 1 |
_aCHVBK _b355625881 |
|
| 029 | 1 |
_aCHVBK _b355807238 |
|
| 029 | 1 |
_aGBVCP _b825668425 |
|
| 029 | 1 |
_aNLGGC _b400894637 |
|
| 035 |
_a(OCoLC)909538562 _z(OCoLC)920844106 |
||
| 042 | _apcc | ||
| 050 | 0 | 0 |
_aHV7419 _b.T47 2016 |
| 082 | 0 | 0 |
_a364 _223 |
| 049 | _aTZAA | ||
| 100 | 1 | _aTerrill, Richard J. | |
| 245 | 1 | 0 |
_aWorld criminal justice systems : _ba comparative survey / _cRichard J. Terrill. |
| 250 | _aNinth edition. | ||
| 264 | 1 |
_aNew York : _bRoutledge, _c2016. |
|
| 300 |
_axvi, 752 pages : _bmaps ; _c24 cm |
||
| 336 |
_atext _btxt _2rdacontent |
||
| 337 |
_aunmediated _bn _2rdamedia |
||
| 338 |
_avolume _bnc _2rdacarrier |
||
| 500 | _aRevised edition of the author's World criminal justice systems, 2013. | ||
| 504 | _aIncludes bibliographical references (pages 691-718) and indexes. | ||
| 505 | 0 | _aPreface -- Introduction -- England -- France -- Japan -- South Africa -- Russia -- China -- Islamic law -- Bibliography -- Subject index -- Author index. | |
| 520 | _a"World Criminal Justice Systems, Ninth Edition, provides an understanding of major world criminal justice systems by discussing and comparing the systems of six of the world's countries - each representative of a different type of legal system. An additional chapter on Islamic law uses three examples to illustrate the range of practice within Sharia. Political, historical, organizational, procedural, and critical issues confronting the justice systems are explained and analyzed. Each chapter contains material on government, police, judiciary, law, corrections, juvenile justice, and other critical issues. The Ninth Edition features an introduction directing students to the resources they need to understand comparative criminal justice theory and methodology. The chapter on Russia includes consideration of the turmoil in post-Soviet successor states, and the final chapter on Islamic law examines the current status of criminal justice systems in the Middle East"--Unedited summary from book cover. | ||
| 650 | 0 | _aCriminal justice, Administration of. | |
| 650 | 0 |
_aCriminal justice, Administration of _vCross-cultural studies. |
|
| 650 | 7 |
_aCriminal justice, Administration of. _2fast _0(OCoLC)fst00883246 |
|
| 650 | 7 |
_aStrafjustiz _2gnd _0(DE-588)4183472-0 |
|
| 650 | 7 |
_aStrafverfahrensrecht _2gnd _0(DE-588)4116635-8 |
|
| 650 | 7 |
_aRechtsvergleich _2gnd _0(DE-588)4115712-6 |
|
| 651 | 7 |
_aEngland _2gnd _0(DE-588)4014770-8 |
|
| 651 | 7 |
_aFrankreich _2gnd _0(DE-588)4018145-5 |
|
| 651 | 7 |
_aJapan _2gnd _0(DE-588)4028495-5 |
|
| 651 | 7 |
_aS�udafrika _2gnd _0(DE-588)4078012-0 |
|
| 651 | 7 |
_aRussland _2gnd _0(DE-588)4076899-5 |
|
| 655 | 7 |
_aCross-cultural studies. _2fast _0(OCoLC)fst01423769 |
|
| 938 |
_aCoutts Information Services _bCOUT _n31652143 |
||
| 938 |
_aYBP Library Services _bYANK _n12497793 |
||
| 938 |
_aYBP Library Services _bYANK _n12471912 |
||
| 994 |
_aC0 _bTZACH |
||
| 999 |
_c4655 _d4655 |
||